[Event "Greifswald Ryck op 23rd"]
[Site "Greifswald"]
[Date "2022.07.09"]
[Round "6"]
[White "Wagner, Tino"]
[Black "Decker, Nils1111"]
[Result "1-0"]
[WhiteElo "1462"]
[BlackElo "1311"]
[PlyCount "69"]
[EventDate "2022.07.06"]
[EventType "swiss"]
[EventRounds "7"]
[EventCountry "GER"]
[SourceTitle "EXT 2023"]
[Source "ChessBase"]
[SourceDate "2022.10.05"]
[SourceVersion "1"]
[SourceVersionDate "2022.10.05"]
[SourceQuality "1"]

1. e4 e5 2. Nf3 Nc6 3. Bc4 Nf6 4. d3 Bc5 5. c3 d5 6. exd5 Nxd5 7. 0-0 0-0 8. Re1 Re8 9. d4 exd4 10. Rxe8+ Qxe8 11. Bxd5 dxc3 12. Nxc3 Bg4 13. h3 Bh5 14. Bf4 Qd7 15. Bxc6 Qxc6 16. Qd5 Bxf3 17. gxf3 Qg6+ 18. Bg3 Bb6 19. Ne4 c6 20. Qg5 Qe6 21. Be5 Qg6 22. Bg3 Qe6 23. Kh2 h6 24. Qe5 Qd7 25. Qd6 Qf5 26. Qf4 Qe6 27. Qc1 Rd8 28. Qc2 Qd5 29. Kg2 Kh8 30. Nc3 Qg5 31. Rd1 Re8 32. Ne4 Qg6 33. Qc4 Bc7 34. Nd6 Rd8 35. Nxf7+ 1-0

[Event "Greifswald Ryck op 23rd"]
[Site "Greifswald"]
[Date "2022.07.07"]
[Round "2"]
[White "Eschrig, Immanuel"]
[Black "Wagner, Tino"]
[Result "1-0"]
[WhiteElo "1233"]
[BlackElo "1462"]
[PlyCount "79"]
[EventDate "2022.07.06"]
[EventType "swiss"]
[EventRounds "7"]
[EventCountry "GER"]
[SourceTitle "EXT 2023"]
[Source "ChessBase"]
[SourceDate "2022.10.05"]
[SourceVersion "1"]
[SourceVersionDate "2022.10.05"]
[SourceQuality "1"]

1. e4 e5 2. Nf3 Nc6 3. Nc3 Bc5 4. Nxe5 Nxe5 5. d4 Bd6 6. dxe5 Bxe5 7. Nd5 c6 8. Bf4 Bxb2 9. Nc7+ Kf8 10. Bd6+ Ne7 11. Rb1 Bc3+ 12. Ke2 Kg8 13. Nxa8 Ng6 14. g3 Qf6 15. Bg2 Ne5 16. Bxe5 Bxe5 17. Qd3 c5 18. Rhd1 g6 19. Qf3 Qc6 20. Kf1 b5 21. Qd3 Ba6 22. Qd5 b4+ 23. Kg1 Qxd5 24. Rxd5 d6 25. Nc7 Bc4 26. Rdd1 Kg7 27. Bf1 Bxa2 28. Ra1 Bxa1 29. Rxa1 b3 30. cxb3 Bxb3 31. Rxa7 Rc8 32. Nd5 c4 33. Ra1 Rc5 34. Rc1 Kf8 35. Nb6 Rc7 36. Nxc4 f5 37. Rb1 Bxc4 38. Rc1 fxe4 39. Rxc4 d5 40. Rxc7 1-0

[Event "Greifswald Ryck op 23rd"]
[Site "Greifswald"]
[Date "2022.07.06"]
[Round "1"]
[White "Wagner, Tino"]
[Black "Petrova, Elizaveta1111"]
[Result "1/2-1/2"]
[WhiteElo "1462"]
[BlackElo "1716"]
[PlyCount "89"]
[EventDate "2022.07.06"]
[EventType "swiss"]
[EventRounds "7"]
[EventCountry "GER"]
[SourceTitle "EXT 2023"]
[Source "ChessBase"]
[SourceDate "2022.10.05"]
[SourceVersion "1"]
[SourceVersionDate "2022.10.05"]
[SourceQuality "1"]

1. e4 c6 2. d4 d5 3. Nd2 dxe4 4. Nxe4 Bf5 5. Ng3 Bg6 6. Nf3 Nd7 7. Be2 e6 8. 0-0 Bd6 9. c3 Ngf6 10. Bd3 Qc7 11. Re1 0-0 12. Ng5 Bxd3 13. Qxd3 h6 14. Nf3 b5 15. Ne4 Nxe4 16. Rxe4 Nf6 17. Rh4 Rfd8 18. Be3 a5 19. Qc2 b4 20. c4 a4 21. c5 Be7 22. Bf4 Qb7 23. Be5 b3 24. Qc1 bxa2 25. Rxa2 Qb3 26. Ra3 Qb5 27. Bc7 Rd7 28. Bg3 Rad8 29. h3 Nd5 30. Re4 Bf6 31. Ne5 Rb7 32. Nc4 Be7 33. Qc2 Ra7 34. Re1 Nf6 35. Bd6 Bxd6 36. Nxd6 Qb4 37. Rd1 Ne8 38. Qc3 Qxc3 39. bxc3 Nxd6 40. cxd6 Rxd6 41. Rda1 Rd5 42. Rxa4 Rb7 43. Rc4 Rc7 44. Kf1 Kf8 45. Ke2 1/2-1/2

[Event "Mecklenburg VP-ch op"]
[Site "Greifswald"]
[Date "2021.06.26"]
[Round "6"]
[White "Decker, Nils1111"]
[Black "Wagner, Tino"]
[Result "0-1"]
[WhiteElo "1334"]
[BlackElo "1500"]
[PlyCount "78"]
[EventDate "2021.06.24"]
[EventType "swiss"]
[EventRounds "7"]
[EventCountry "GER"]
[SourceTitle "EXT 2022"]
[Source "ChessBase"]
[SourceDate "2021.10.06"]
[SourceVersion "1"]
[SourceVersionDate "2021.10.06"]
[SourceQuality "1"]

1. e4 e5 2. Nf3 Nc6 3. Bc4 Bc5 4. d3 Nf6 5. Bg5 h6 6. Bxf6 Qxf6 7. Nc3 Ne7 8. Qd2 c6 9. 0-0-0 a6 10. a3 d6 11. h3 b5 12. Ba2 a5 13. d4 exd4 14. Nxd4 0-0 15. Nb1 Bb7 16. Rhe1 Ng6 17. Nf3 b4 18. a4 Ba6 19. c3 Nf4 20. Rg1 Nd3+ 21. Kc2 Nxf2 22. Rdf1 Nxe4 23. Qd1 Bxf1 24. Rxf1 Ng3 25. Re1 Bf2 26. Nd4 Bxe1 27. Qxe1 Qg6+ 28. Kc1 d5 29. Nd2 bxc3 30. bxc3 Qd3 31. Kb2 Rab8+ 32. Bb3 c5 33. Nb5 c4 34. Bc2 Qe2 35. Qxe2 Nxe2 36. Bd1 Nf4 37. Bf3 Rfe8 38. g3 Nxh3 39. Bxd5 Red8 0-1

[Event "Mecklenburg VP LL2 Ost 1516"]
[Site "Mecklenburg VP"]
[Date "2016.02.21"]
[Round "6.8"]
[White "Nickel, Udo"]
[Black "Wagner, Tino"]
[Result "1-0"]
[WhiteElo "1662"]
[BlackElo "996"]
[PlyCount "97"]
[EventDate "2015.09.20"]
[EventType "team-tourn"]
[EventRounds "9"]
[EventCountry "GER"]
[SourceTitle "EXT 2022"]
[Source "ChessBase"]
[SourceDate "2021.10.06"]
[SourceVersion "1"]
[SourceVersionDate "2021.10.06"]
[SourceQuality "1"]
[WhiteTeam "Waterkant Saal SV"]
[BlackTeam "Gryps SV"]
[WhiteTeamCountry "GER"]
[BlackTeamCountry "GER"]

1. d4 Nf6 2. c4 g6 3. Nc3 Bg7 4. e4 d6 5. Nf3 0-0 6. Be2 c6 7. h3 Re8 8. 0-0 Qc7 9. Bf4 c5 10. d5 Nh5 11. Bh2 e5 12. dxe6 Bxe6 13. Rb1 Nc6 14. Bxd6 Qa5 15. Qb3 b6 16. Nb5 Rac8 17. Rfd1 Nf6 18. e5 Nd7 19. Nc7 Red8 20. Nxe6 fxe6 21. a3 Ncxe5 22. Bxe5 Nxe5 23. Nxe5 Bxe5 24. Rxd8+ Rxd8 25. Qe3 Bc7 26. Qxe6+ Kf8 27. Qf6+ Kg8 28. Bf3 Qd2 29. Bd5+ Rxd5 30. Qe6+ Kf8 31. Qxd5 Qxd5 32. cxd5 Ke7 33. a4 a5 34. b3 Kd6 35. Rd1 Bd8 36. f4 Bf6 37. Kf2 h6 38. Kf3 Bd4 39. Ke4 Bf6 40. g4 Bg7 41. h4 Bf6 42. Rh1 h5 43. gxh5 gxh5 44. Rg1 Bxh4 45. Rg6+ Kc7 46. Rh6 Be1 47. Rxh5 Bc3 48. Rh6 Kb7 49. f5 1-0